000 00315nam a22001337a 4500
008 170914b xxu||||| |||| 00| 0 eng d
020 _a9780934395632
041 _aeng
080 _a7
100 _a44
101 _aART
245 _aOLD& NEW QUILT PATTERNS IN THE SOUTHERN TRADITION
_cRAMSEY,B
942 _2udc
_cBK
999 _c27718
_d27718